000 00525 a2200157 4500
020 _a8172242700 (paperback)
020 _a9788172242701 (paperback)
090 _c5213
_d5213
100 1 _aBlake, Robert R.
245 1 4 _aThe new managerial grid /
_cRobert R. Blake, Jane S. Mouton.
260 _a[S.l.] :
_bJaico Publishing House,
_c2005.
300 _a340 p. ;
_c22 cm.
700 1 _aMouton, Jane S.
856 4 0 _3Amazon.com
_uhttp://www.amazon.com/exec/obidos/ASIN/8172242700/chopaconline-20
942 _aNBS
_cBK
_k658.4 BLA
999 _c347631
_d347631